000 00938cam a2200241 4500
001 WB3736-14
008 010927n2001 000 0 eng u
035 _a(Sirsi) u114888
245 _aCommercial sector commentary
260 _c2001
490 _aUK Economic Brief (RICS)
_v September 2001, 4(1)
520 _aReports on the performance of the commercial sector in Q2 2001. Notes that rental growth is still slowing in view of difficult economic conditions but lending to the real estate sector continues to rise.
590 _aWB
650 _aRENTAL GROWTH
650 _aECONOMY
650 _aCAPITAL VALUES
650 _aPROPERTY-COMMERCIAL PROPERTY-OFFICE PROPERTY-OFFICE PROPERTY MARKET
650 _aPROPERTY-COMMERCIAL PROPERTY-RETAIL PROPERTY-RETAIL PROPERTY MARKET
650 _aINDUSTRIAL MARKET
650 _aBANK LENDING
690 _aPROPERTY-COMMERCIAL PROPERTY-COMMERCIAL PROPERTY MARKET
942 _n0
999 _c68416
_d68416